000
00163nam a2200073Ia 4500
008
170620s9999 xx 000 0 und d
100
_a
Bansal
245
0
_a
TB OF INFO TECHNOLOGY
260
_b
APH PU
999
_c
26286
_d
26286